000 00454nam a22001697a 4500
003 NUST - PNEC
005 20170116180851.0
008 150826b xxu||||| |||| 00| 0 eng d
020 _a0070675635
040 _cLIBRARY
082 _a604.2402854 VOI
100 _95720
_aVoisinet, Donald D
245 _aIntroduction to computer-aided drafting
_c Donald D,Voisinet
250 _a2th ed
650 _95721
_aComputer graphics
_xGernal
942 _2ddc
_cBK
999 _c64638
_d64638